Παντουρανισμός

Αποθηκεύτηκε σε:
Λεπτομέρειες βιβλιογραφικής εγγραφής
Κύριος συγγραφέας: Nalbandian, Zaven
Άλλοι συγγραφείς: Κασσεσιάν, Σήφης (Μεταφραστής)
Μορφή: Βιβλίο
Γλώσσα:Greek
Δημοσίευση: Αθήνα : Ρήσος, 1991
Θέματα:
Ετικέτες: Προσθήκη ετικέτας
Δεν υπάρχουν, Καταχωρήστε ετικέτα πρώτοι!

MARC

LEADER 00000nam a2200000 i 4500
001 1/98940
008 950321s1991 gre d
020 |a 960-7056-19-1 
035 |l 10011117 
040 |a GR-MY-UA  |b gre  |e aacr 
041 0 |a gre 
082 0 |a 909.09749435 
100 1 |a Nalbandian, Zaven. 
245 1 0 |a Παντουρανισμός /  |c Ζαβεν και Βαρτουή Ναλμπατιάν ; Μετάφραση: Σήφης Κασεσιάν 
260 |a Αθήνα :   |b Ρήσος,   |c 1991 
300 |a 232 σ. 
504 |a Στο εξώφυλλο υπάρχει ο τίτλος Παντουρανισμός ή περί του ενωμένου και ανεξάρτητου Τουράν 
650 0 0 |a Pan-Turanianism. 
700 1 |a Κασσεσιάν, Σήφης.  |4 trl 
852 |a INST  |b LESVOS  |e 19950321  |h 909.09749435 NAL  |p 005100002179  |q 005100002179  |t BK  |y 0 
909 |a Λ  |b 036591 
922 |a 1ΔΩΡ  |b 199408